000 01808nam0a2200361 4500
001 RU\NLR\bibl\1317904
005 20260408192439.0
010 _a978-5-8459-1464-4
_92000
021 _aRU
_b2008-91945
_95382
035 _a(NLR Aleph) 001303275
090 _a632926
_c632926
100 _a20090120d2009 |||y0rusy50 ca
101 1 _arus
_ceng
102 _aRU
105 _aa |||||||||
200 1 _aЙоркширские терьеры для чайников
_e[объяснение человеческим языком]
_fТрейси Барр и Питер Ф. Велинг
_g[пер. с англ. Берштейна И.В., Тимченко Е.Э.]
210 _aМосква [и др.]
_cДиалектика
_cВильямс
_d2009 [т.е. 2008]
215 _a234 с., [4] л. цв. ил.
_cил.
_d24
225 1 _a... для "чайников"
300 _aЗагл. и авт. ориг.: Yorkshire terriers for dummies / by Tracy Barr and Peter F. Veling
300 _aНа обл. 2-й авт.: Питер Ф. Велинг, д-р ветеринарии
300 _aКн. фактически издана в 2008 г.
320 _aПредм. указ.: с. 229-234
454 0 _12001#$aYorkshire terriers for dummies$fby Tracy Barr and Peter F. Veling
_1700#1$aBarr$bT.$gTracy$4070
_1701#1$aVeling$bP. F.$gPeter F.$4070
_tYorkshire terriers for dummies
_aBarr, Tracy
606 _aЙоркширские терьеры
_jПопулярные издания
_3RU\NLR\auth\661300508
_92160959
686 _aП673.39 йоркширские терьеры
700 1 _aБарр
_bТ.
_gТрейси
_4070
701 1 _aВелинг
_bП. Ф.
_gПитер Ф.
_4070
801 0 _aRU
_bNLR
_c20090120
_gRCR
801 1 _aRU
_bNLR
_c20090120
942 _cBOOK
980 _aNB